000
00290nam a2200109Ia 4500
008
220204s9999 xx 000 0 und d
082
_a
543
_b
KOL
245
0
_a
Treatise on analytical chemistry. Part 1. 12 V
260
_a
New York
_b
Interscience
_c
1961
700
_a
Kolthoff, I M
942
_c
BK
999
_c
24001
_d
24001